00336nam a22001217a 4500020001800000041000800018082001200026100003500038245006700073260004100140300000800181650002500189 a9781571530721 aeng a291 OVE aOverbeeke-Rippen, Francien Van aAbraham and Ibrahim: The Bible and The Qur'an told to Children aKentucky, USbBridge Resourcesc2006 a250 aComparative Religion